|
|
|
|
| LEADER |
00000nam a22000007a 4500 |
| 005 |
20150811000659.0 |
| 007 |
cr|||| |||| |
| 008 |
150811s2013 br |||||s|||| 00||0 por d |
| 020 |
|
|
|a 978-85-65017-04-6
|
| 035 |
|
|
|a 12769
|
| 040 |
|
|
|a vLex
|
| 090 |
|
|
|c 5509
|d 5509
|
| 100 |
1 |
|
|a Krieger, Olga Maria
|
| 245 |
1 |
0 |
|a Legislaȯ̂ do inquilinato
|h [Recurso electrn̤ico] :
|b Coletńea prt̀ica /
|c Olga Maria Krieger, Luiz Fernando de Queiroz
|
| 256 |
|
|
|a Servicio en ln̕ea
|
| 260 |
|
|
|a Curitiba:
|b Bonijuris,
|c 2013
|
| 300 |
|
|
|a 1 recurso electrn̤ico
|
| 506 |
1 |
|
|a Disponible solo en los productos indicados
|d vLex Global
|d vLex Global (Academic Edition, excluding Law Schools)
|d vLex Global (U.S. Academic Edition, Law Schools)
|d vLex Global (U.S. Academic Edition, excluding Law Schools)
|d vLex Global (Academic Edition, Law Schools)
|
| 650 |
0 |
4 |
|a Derechos Reales
|z Brasil
|
| 700 |
1 |
|
|a de Queiroz, Luiz Fernando
|
| 740 |
0 |
|
|a vLex Libros (Servicio en ln̕ea)
|
| 856 |
4 |
0 |
|u http://vlex.com/source/legisla-o-inquilinato-colet-nea-pratica-12769
|z Acceso restringido
|
| 942 |
|
|
|c BOOK
|
| 999 |
0 |
|
|a Real Rights
|